5HLuxD.jpg

KING HENRY VIII SENIOR AND PRIMARY SCHOOL LIBRARY OPAC

Ready player one / (Record no. 1151)

000 -LEADER
fixed length control field 00787cam a2200289 a 4500
001 - CONTROL NUMBER
control field .b21020929
003 - CONTROL NUMBER IDENTIFIER
control field OSt
005 - DATE AND TIME OF LATEST TRANSACTION
control field 20220801111705.0
008 - FIXED-LENGTH DATA ELEMENTS--GENERAL INFORMATION
fixed length control field 121120s2011 nyu g 000 1 eng d
020 ## - INTERNATIONAL STANDARD BOOK NUMBER
International Standard Book Number 9780307887443 (pbk.)
040 ## - CATALOGING SOURCE
Original cataloging agency DLC
Transcribing agency DLC
Modifying agency DLC
-- FCU
041 0# - LANGUAGE CODE
Language code of text/sound track or separate title eng
042 ## - AUTHENTICATION CODE
Authentication code nbic
044 ## - COUNTRY OF PUBLISHING/PRODUCING ENTITY CODE
MARC country code xxu
Local subentity code nyu
050 00 - LIBRARY OF CONGRESS CALL NUMBER
Classification number PS3603.L548
Item number R43 2011b
082 ## - DEWEY DECIMAL CLASSIFICATION NUMBER
Classification number FIC CLI
100 1# - MAIN ENTRY--PERSONAL NAME
Personal name Cline, Ernest.
Relator term Author
245 10 - TITLE STATEMENT
Title Ready player one /
Statement of responsibility, etc. Ernest Cline.
260 ## - PUBLICATION, DISTRIBUTION, ETC.
Place of publication, distribution, etc. New York, N.Y. :
Name of publisher, distributor, etc. Broadway Paperbacks,
Date of publication, distribution, etc. c2011.
300 ## - PHYSICAL DESCRIPTION
Extent 374 p. ;
Dimensions 21 cm.
490 ## - SERIES STATEMENT
Series statement Ready Player One;
Volume/sequential designation bk 1
650 #0 - SUBJECT ADDED ENTRY--TOPICAL TERM
Topical term or geographic name entry element Regression (Civilization)
Form subdivision Fiction.
650 #0 - SUBJECT ADDED ENTRY--TOPICAL TERM
Topical term or geographic name entry element Virtual reality
Form subdivision Fiction.
650 #0 - SUBJECT ADDED ENTRY--TOPICAL TERM
Topical term or geographic name entry element Utopias
Form subdivision Fiction.
650 #0 - SUBJECT ADDED ENTRY--TOPICAL TERM
Topical term or geographic name entry element Puzzles
Form subdivision Fiction.
942 ## - ADDED ENTRY ELEMENTS (KOHA)
Source of classification or shelving scheme
Koha item type Books - Fiction
Holdings
Withdrawn status Lost status Source of classification or shelving scheme Damaged status Not for loan Collection code Permanent Location Current Location Shelving location Date acquired Total Checkouts Full call number Barcode Date last seen Date last checked out Price effective from Koha item type
          Fiction KH8 Senior School Library KH8 Senior School Library Young Adult 2022-08-01 1 FIC CLI 3KHSL000101908 2024-07-23 2023-12-13 2022-08-01 Books - Fiction

Powered By KH8 IT Dept